Score 0/22 Timer 05:00
0 Plays Today
Rank (Mentions) Character % Correct
9 (1198)Draco Malfoy
99.2%
6 (1956)Severus Snape
96.1%
7 (1797)Voldemort
95.5%
38 (249)Lucius Malfoy
94.7%
41 (228)Gregory Goyle
93.4%
42 (224)Vincent Crabbe
93%
79-tie (89)Narcissa Malfoy
90.6%
43 (220)Bellatrix Lestrange
80%
94 (68)Pansy Parkinson
79.9%
25 (432)Horace Slughorn
72.8%
108 (54)Regulus Black
69.9%
Rank (Mentions) Character % Correct
79-tie (89)Phineas Nigellus Black
62.9%
119 (47)Blaise Zabini
60.5%
184 (15)Mrs. Black
60.3%
92 (70)Salazar Slytherin
58.5%
122 (40)Marcus Flint
48.9%
173 (17)Millicent Bulstrode
48.8%
149 (24)Bloody Baron
29.7%
129 (33)Montague
26.1%
191 (13)Avery
23.2%
157 (22)Warrington
19.7%
191 (13)Adrian Pucey
16.8%
Remove Ads.
Support Sporcle.
Get the best of Sporcle when you Go Orange. This ad-free experience offers more features, more stats, and more fun while also helping to support Sporcle. Thank you for becoming a member.

You're not logged in!

Compare scores with friends on all Sporcle quizzes.
OR
Log In

Show Comments

Extras

Top Quizzes Today


Score Distribution

Your Account Isn't Verified!

In order to create a playlist on Sporcle, you need to verify the email address you used during registration. Go to your Sporcle Settings to finish the process.

Report this User

Report this user for behavior that violates our Community Guidelines.

Details: